Kombinovaná úžitkovosť nutrií II.

Bibliographic Details
Main Author: Šmehýl, Peter (Author)
Format: Article
Language:Slovak
PhysicalDescription:Fotogr.
ISSN:1335-9932
Subjects:

MARC

LEADER 00000nab a2200000 ar4500
001 vtls008998239
003 SK-MaSNL
005 20260303065836.0
008 070612c2007 xo |||||||||||000 b|slo
015 |a SNBRB2007/06  |2 snkbucl 
038 |a SNKBUCL 
040 |a SNKBUCL  |b slo  |c SNKBUCL  |e AACR2 
041 0 |a slo 
044 |a xo  |c SK 
080 |a 636.932.3.03  |2 1997 
100 1 |a Šmehýl, Peter  |4 aut  |9 492911 
245 1 0 |a Kombinovaná úžitkovosť nutrií  |n II.  |c Peter Šmehýl 
300 |b Fotogr. 
650 0 7 |a nutria riečna  |2 snkbucl  |9 79420 
650 0 7 |a úžitkovosť  |2 snkbucl  |9 266992 
650 0 7 |a mäso  |2 snkbucl  |9 18169 
773 0 |t Magazín chovateľa  |g Roč. VI, č. 4 (2007), s. 39-40  |x 1335-9932 
852 |a SNK  |b KIS3GCP 
999 |c 1752963  |d 1754893